000 00644nam a22002417a 4500
003 UA-OsUOA
001 20299
007 ta
008 20031021b un ||||| |||| 00| 0 ukr d
090 _a811.133.1(038)
_bЩ61
942 _cBK
040 _aUA-OsUOA
_brus
_cUA-OsUOA
_dUA-OsUOA
245 _aРусско-Французский словарь: 75000 слов
_cЛ.В.Щерба М.И.Матусевич М.Ф.Даусс
300 _a736 с.
955 _a0
041 _arus
080 _a811.133.1(038)
020 _a5-8868-007-1
260 _aМосква
_bЮнвес
_c1995
044 _aRU
650 7 _2UDC
999 _c306475
_d306475